LEADER 01178nam a2200265 i 4500 001 000000163081 003 CaOOAMICUS 005 20090513000000.0 008 090513s2009 it u000 u ita u 013 $a140445 020 $a978-88-215-6404-8 040 $aSeMil$bita 100 1 $aCamisasca, Massimo,$c.$0(OLS)http://semarc/name/3404 245 10$aDon Giussani :$bla sua esperienza dell'uomo e di Dio /$cMassimo Camisasca. 260 $aCinisello Balsamo :$bSan Paolo,$c2009. 300 $a165 p., [16] p. di tav. :$bfotogr. ;$c22 cm. 490 0 $aTempi e figure ;$v55 600 14$aGiussani, Luigi .$0(OLS)http://semarc/subject/8100 830 0$aTempi e figure ;$v55.$0(OLS)http://semarc/title/551 850 $aSeMil 852 $aSeMil$W1$xVenegono$y1$m2D III 281$j114397$B114397$CSeMilBibl$Z2$F142190 $81 961 $aAcquisto: IBS - Internet Bookshop Italia 996 $6020$a978-88-215-6404-8$9(OLS)http://semarc/number/149139 996 $6245$aDon Giussani :$bla sua esperienza dell'uomo e di Dio$9(OLS)http://semarc/title/232674 996 $6260$aCinisello Balsamo :$bSan Paolo$9(OLS)http://semarc/publisher/30129 LEADER 01602nam a2200325 i 4500 001 000000026018 003 CaOOAMICUS 005 20180830125447.0 008 180830s1972 it u000 u ita u 040 $aSeMil$bita 100 1 $aDavidsohn, Robert.$0(OLS)http://semarc/name/11581 240 10$aGeschichte von Florenz.$0(OLS)http://semarc/title/35083 245 10$aStoria di Firenze /$cRobert Davidsohn. 260 $aFirenze :$bSansoni,$ccopyr. 1972-copyr. 1973. 300 $a8 v. ;$c20 cm. 500 $aIn cofanetto. 650 4$aFirenze - Storia.$0(OLS)http://semarc/subject/361 773 0 $tSuperbiblioteca Sansoni.$dFirenze : Sansoni, [197?]$w()17212 774 0 $tGuelfi e Ghibellini.$g2,3$w()26019 774 0 $tPrimordi della civiltą fiorentina.$g4,5,6$w()26020 774 0 $tOrigini.$kSuperbiblioteca Sansoni$g1$w()209457 774 0 $tLotte sveve.$kSuperbiblioteca Sansoni$g2$w()209458 774 0 $tEgemonia guelfa e la vittoria del popolo.$kSuperbiblioteca Sansoni$g2$w()209459 774 0 $tUltime lotte contro l'impero.$kSuperbiblioteca Sansoni$g3$w()209460 774 0 $tIndici.$kSuperbiblioteca Sansoni$g8$w()209461 774 0 $tImpulsi interni, influssi esterni e cultura politica.$kSuperbiblioteca Sansoni$g4$w()209462 774 0 $tMondo della chiesa, spiritualitą ed arte, vita pubblica e privata.$kSuperbiblioteca Sansoni$g4$w()209463 774 0 $tIndustria, arti, commercio e finanze.$kSuperbiblioteca Sansoni$g4$w()209464 996 $6245$aStoria di Firenze$9(OLS)http://semarc/title/19518 996 $6260$aFirenze :$bSansoni$9(OLS)http://semarc/publisher/29843